| 000 | 00760nam a2200253Ia 4500 | ||
|---|---|---|---|
| 003 | OSt | ||
| 005 | 20220928113625.0 | ||
| 006 | a|||||r|||| 00| 0 | ||
| 007 | ta | ||
| 008 | 220927b |||||||| |||| 00| 0 eng d | ||
| 020 | _cINR 1495.00 | ||
| 024 | _a137108 | ||
| 037 |
_b165, 08/03/2018, Onkar Book Agency _cTextual |
||
| 040 |
_aSDCL _cSDCL _beng |
||
| 041 |
_2eng _aeng |
||
| 082 | _aE9G0al, Q6 | ||
| 100 |
_aOnslow Muriel Wheldale _9434130 |
||
| 245 | 0 | _aPractical plant biochemistry | |
| 260 |
_aNew Delhi _bAgri Biovet Press _c2016 |
||
| 300 |
_avii,237p. _ccm. |
||
| 650 | _aPlant Molecular Biology | ||
| 942 |
_hE9G0al, Q6 _cTEXL _2CC |
||
| 999 |
_c750513 _d750513 |
||